Statistics for Primetime Emmy Award for Outstanding Lead Actress in a Comedy Series

Click here to take the quiz!

General Stats

  • This quiz has been taken 26 times
  • The average score is 20 of 33

Answer Stats

Answer% Correct
Betty White
96%
Jennifer Aniston
96%
Julia Louis-Dreyfus
96%
Sarah Jessica Parker
96%
Helen Hunt
83%
Roseanne Barr
83%
Mary Tyler Moore
79%
Tina Fey
79%
Lucille Ball
75%
Edie Falco
71%
Bea Arthur
67%
Candice Bergen
67%
Kirstie Alley
67%
Melissa McCarthy
67%
Shelly Long
67%
America Ferrera
63%
Catherine O'Hara
63%
Felicity Huffman
63%
Jean Smart
58%
Toni Collette
58%
Debra Messing
54%
Phoebe Waller-Bridge
54%
Rachel Brosnahan
50%
Rue McClanahan
50%
Valerie Harper
46%
Jean Stapleton
42%
Patricia Heaton
42%
Jane Curtin
38%
Isabel Sanford
29%
Carol Kane
25%
Hope Lange
17%
Ruth Gordon
17%
Cathryn Damon
13%

Score Distribution

Percentile by Number Answered

Percent of People with Each Score

Your Score History

You have not taken this quiz